00256 a2200109 4500001000700000020000600007040001100013100004400024240003700068245003200105362000900137170964 a  cMagnum aColegio Magnum Agostiniano - 2ยช Series10aCidades historicas mineiraslpor10aCidades historicas mineiras0 a1899